| 000 | 01183nam a2200373 c 4500 | ||
|---|---|---|---|
| 003 | BLK | ||
| 005 | 20220125132947.0 | ||
| 008 | 180410b bul|||||r ||||||| ||bul|| | ||
| 010 | _aKNG00159546000 | ||
| 040 | _aBLK | ||
| 041 |
_aBUL _cBUL |
||
| 072 | 7 |
_2bullib _aН86 _xДетска отраслова литература Н |
|
| 080 |
_aДинозаври _b568.1 _x _z568.1 |
||
| 139 |
_aДинозаври _bД 62 |
||
| 245 | 1 | 0 | _aДинозаври |
| 257 | _aBGR | ||
| 260 |
_аСт. Загора _bАлба Трейдинг_3000 _c[2013] |
||
| 300 |
_a25 с. _bс цв. ил. _c23 см |
||
| 380 | _aDN | ||
| 490 | 1 | _aЕнциклопедия за малки и големи | |
| 500 | _aКор. загл. | ||
| 650 | 4 |
_aДинозаври _9153483 |
|
| 650 | 4 |
_aЕнциклопедии, детски _9154962 |
|
| 653 | _aдинозаври | ||
| 653 | _aенциклопедии | ||
| 653 | _aлитература за деца | ||
| 653 | _aдетска литература | ||
| 659 | _aН | ||
| 852 | _aЦб 268399 | ||
| 856 | 4 |
_qpdf _u |
|
| 856 | 4 |
_qpdf _u |
|
| 942 |
_cKNG _n0 _03 |
||
| 944 |
_aCR _c10.04.2014 _lф / _kЛюдмила_Стоянова |
||
| 944 |
_aED _c29.04.2014 _lф / _k |
||
| 999 |
_c153027 _d153027 |
||